Maat joissa on kuolemantuomio - Statistics

Yleistilastot
  • Tätä visaa on pelattu 43 kertaa
  • Keskiarvotulos 8 / 11
Vastaukset kartalla
Vastauksille on annettu kartalla punavihreä väri sen mukaan, kuinka moni on saanut sen oikein.
 
Vastaustilastot
Vastaus % Oikein
Yhdysvallat
94%
Kiina
92%
Pohjois-Korea
89%
Iran
86%
Saudi-Arabia
83%
Irak
81%
Jemen
81%
Egypti
72%
Somalia
61%
Etelä-Sudan
56%
Vietnam
50%
Ehtoja vastaavia visoja ei löytynyt
Tulosjakauma
Jokaisen tuloksen saaneiden osuus
Persentiili vastausten määrän mukaan
Tuloshistoriasi
Et ole pelannut tätä visaa